Southville International School and Colleges
Your cart is empty.
  • Cart
  • Lists
    Public lists list_1 View all
    Your lists Log in to create your own lists
  • Log in to your account
  • Your cookies
  • Search history
Southville International School and Colleges
  • Advanced search
  • Recent comments
  • Most popular
  • Libraries

Log in to your account

Log in with GOOGLE


If you do not have an external account, but do have a local account, you can still log in:

  1. Home
  2. MARC view: Techniques of classroom teaching
Normal view MARC view ISBD view

Techniques of classroom teaching (Record no. 366330)

[ view plain ]
MARC details
000 -LEADER
fixed length control field 00537nam a22001817a 4500
003 - CONTROL NUMBER IDENTIFIER
control field 0
005 - DATE AND TIME OF LATEST TRANSACTION
control field 20240923111158.0
008 - FIXED-LENGTH DATA ELEMENTS--GENERAL INFORMATION
fixed length control field 240923b xxu||||| |||| 00| 0 eng d
020 ## - INTERNATIONAL STANDARD BOOK NUMBER
International Standard Book Number 978-81-19920-57-0
050 ## - LIBRARY OF CONGRESS CALL NUMBER
Classification number LB 2331
Item number .Aq78 2024
100 ## - MAIN ENTRY--PERSONAL NAME
Personal name Aquino, John Michael
245 ## - TITLE STATEMENT
Title Techniques of classroom teaching
Statement of responsibility, etc Aquino, John Michael
260 ## - PUBLICATION, DISTRIBUTION, ETC. (IMPRINT)
Place of publication, distribution, etc New Delhi India
Name of publisher, distributor, etc Venus books
Date of publication, distribution, etc C2024
300 ## - PHYSICAL DESCRIPTION
Extent x, 296p.:
Dimensions 24cm.
500 ## - GENERAL NOTE
General note Classroom teaching.
650 ## - SUBJECT ADDED ENTRY--TOPICAL TERM
Topical term or geographic name as entry element Includes bibliographical references & index.
942 ## - ADDED ENTRY ELEMENTS (KOHA)
Source of classification or shelving scheme Library of Congress Classification
Koha item type Books
Holdings
Withdrawn status Lost status Source of classification or shelving scheme Damaged status Home library Current library Shelving location Date acquired Source of acquisition Total Checkouts Full call number Barcode Date last seen Price effective from Koha item type
    Library of Congress Classification   College Library College Library Reserve Section 09/23/2024 Library Fund   LB 2331 .Aq78 2024 C23603 09/23/2024 09/23/2024 Books

Techniques of classroom teaching

APA

Aquino J. M., . (2024). Techniques of classroom teaching. New Delhi India: Venus books.

Chicago

Aquino John Michael, . 2024. Techniques of classroom teaching. New Delhi India: Venus books.

Harvard

Aquino J. M., . (2024). Techniques of classroom teaching. New Delhi India: Venus books.

MLA

Aquino John Michael, . Techniques of classroom teaching. New Delhi India: Venus books. 2024.

  • Place hold
  • Print
  • Cite
  • Add to your cart (remove)
  • Save record
    BIBTEX Dublin Core MARCXML MARC (non-Unicode/MARC-8) MARC (Unicode/UTF-8) MARC (Unicode/UTF-8, Standard) MODS (XML) RIS
  • More searches
    Search for this title in:
    Other Libraries (WorldCat) Other Databases (Google Scholar) Online Stores (Bookfinder.com) Open Library (openlibrary.org)

Exporting to Dublin Core...

SOUTHVILLE LIBRARY

Southville International School and Colleges Library

1281 Tropical Ave. Cor. Luxembourg St., BF Homes International, Las Pinas City

Tel. No. 8256374 / 252358 Loc. 117/146

Powered by Koha